[Event "SRB-chT 1st League"]
[Site "Bajina Basta"]
[Date "2019.09.16"]
[Round "5.2"]
[White "Paunovic, Tomislav"]
[Black "Radovanovic, Nikola"]
[Result "1/2-1/2"]
[WhiteElo "2335"]
[BlackElo "2403"]
[PlyCount "28"]
[EventDate "2019.09.13"]
[EventType "team-tourn"]
[EventRounds "11"]
[EventCountry "SRB"]
[SourceTitle "CBM 195 Extra"]
[Source "ChessBase"]
[SourceDate "2020.05.31"]
[SourceVersion "1"]
[SourceVersionDate "2020.05.31"]
[SourceQuality "1"]
[WhiteTeam "Pirot Progres"]
[BlackTeam "Belgrade Vodovod"]
[WhiteTeamCountry "SRB"]
[BlackTeamCountry "SRB"]

1. d4 d6 2. Nf3 Nf6 3. Bf4 g6 4. e3 Bg7 5. h3 0-0 6. Be2 c5 7. c3 Qb6 8. Qb3 Be6 9. Qxb6 axb6 10. a3 Bd5 11. Nbd2 Bc6 12. 0-0 Nbd7 13. Rfd1 Rfd8 14. Bg3 b5 1/2-1/2

[Event "SRB-chT Central"]
[Site "Kragujevac"]
[Date "2018.09.15"]
[Round "2.6"]
[White "Mladenovic, Stefan"]
[Black "Paunovic, Tomislav"]
[Result "1-0"]
[WhiteElo "2355"]
[BlackElo "2340"]
[PlyCount "85"]
[EventDate "2018.09.14"]
[EventType "team-tourn"]
[EventRounds "11"]
[EventCountry "SRB"]
[SourceTitle "CBM 186 Extra"]
[Source "ChessBase"]
[SourceDate "2018.08.24"]
[SourceVersion "1"]
[SourceVersionDate "2018.08.24"]
[SourceQuality "1"]
[WhiteTeam "Paracin"]
[BlackTeam "Pirot Progres"]
[WhiteTeamCountry "SRB"]
[BlackTeamCountry "SRB"]

1. d4 g6 2. Nf3 Bg7 3. Bf4 c5 4. e3 b6 5. Nbd2 Bb7 6. Be2 d6 7. c3 Nd7 8. h3 Ngf6 9. 0-0 0-0 10. a4 a6 11. Qb1 e5 12. Bh2 e4 13. Ne1 d5 14. Nc2 Ne8 15. f3 f5 16. fxe4 fxe4 17. Qa2 Kh8 18. Rxf8+ Nxf8 19. dxc5 bxc5 20. Rd1 Qe7 21. Nb3 a5 22. Qa3 Nd7 23. Bb5 Nef6 24. Bc7 Bf8 25. Nxa5 Rxa5 26. Bxa5 Qe5 27. Kf2 Bd6 28. Ke2 d4 29. cxd4 cxd4 30. exd4 Qh2 31. Qe3 Qxg2+ 32. Qf2 Qxh3 33. Ne3 Bg3 34. Qg2 Qh5+ 35. Kd2 Bf4 36. Qe2 Qg5 37. Bd8 Qd5 38. Kc2 Qg8 39. Ba5 Qa8 40. Bc3 Bxe3 41. d5 Bg5 42. Bxd7 Bxd5 43. Qb5 1-0

[Event "SRB-chT 1st League"]
[Site "Kragujevac"]
[Date "2016.09.11"]
[Round "2.5"]
[White "Djordjevic, Vuk D"]
[Black "Paunovic, Tomislav"]
[Result "1-0"]
[WhiteElo "2416"]
[BlackElo "2347"]
[PlyCount "67"]
[EventDate "2016.09.10"]
[EventType "team-tourn"]
[EventRounds "11"]
[EventCountry "SRB"]
[SourceTitle "CBM 174 Extra"]
[Source "ChessBase"]
[SourceDate "2016.10.10"]
[SourceVersion "1"]
[SourceVersionDate "2016.10.10"]
[SourceQuality "1"]
[WhiteTeam "Paracin"]
[BlackTeam "Pirot Progres"]
[WhiteTeamCountry "SRB"]
[BlackTeamCountry "SRB"]

1. e4 c5 2. Nc3 Nc6 3. g3 g6 4. Bg2 Bg7 5. d3 Rb8 6. Be3 b5 7. Qd2 b4 8. Nd1 d6 9. Ne2 e5 10. a3 a5 11. axb4 axb4 12. c3 Nf6 13. Bh6 Bxh6 14. Qxh6 Ng4 15. Qd2 h5 16. h3 Nf6 17. 0-0 h4 18. g4 Nh7 19. f4 exf4 20. Nxf4 Qg5 21. d4 bxc3 22. bxc3 cxd4 23. cxd4 0-0 24. Ne3 Bb7 25. Nc4 Rbd8 26. Qc3 Nf6 27. Qb2 Ba8 28. d5 Ne5 29. Nxe5 dxe5 30. Nd3 Nxe4 31. Bxe4 Bxd5 32. Qe2 Bc4 33. Rac1 Rd4 34. Qf3 1-0

[Event "SRB-chT 1st League"]
[Site "Kragujevac"]
[Date "2015.09.11"]
[Round "9.3"]
[White "Milanovic, Danilo"]
[Black "Paunovic, Tomislav"]
[Result "1-0"]
[WhiteElo "2462"]
[BlackElo "2342"]
[PlyCount "211"]
[EventDate "2015.09.05"]
[EventType "team-tourn"]
[EventRounds "11"]
[EventCountry "SRB"]
[SourceTitle "EXT 2016"]
[Source "ChessBase"]
[SourceDate "2015.10.08"]
[SourceVersion "1"]
[SourceVersionDate "2015.10.08"]
[SourceQuality "1"]
[WhiteTeam "Valjevo Sveti Nikolaj"]
[BlackTeam "Pirot Progres"]
[WhiteTeamCountry "SRB"]
[BlackTeamCountry "SRB"]

1. d4 d5 2. c4 c6 3. Nf3 Nf6 4. Nc3 a6 5. e3 b5 6. b3 Bf5 7. Bd3 g6 8. 0-0 Bg7 9. Bxf5 gxf5 10. Qd3 Ne4 11. Bd2 0-0 12. Rfc1 e6 13. cxd5 cxd5 14. a4 b4 15. Ne2 Qd6 16. Ra2 Nc6 17. Rac2 Na5 18. Be1 f6 19. Nh4 Bh6 20. f3 Kh8 21. Rb1 Ng5 22. Bg3 Qd7 23. Rc7 Qe8 24. Rbc1 Rf7 25. R7c5 Nb7 26. Rc6 Ne4 27. Bf4 Bg5 28. Nxf5 exf5 29. fxe4 fxe4 30. Qc2 Na5 31. Rc5 Qd8 32. Rf1 Rd7 33. h4 Bxh4 34. Bc7 Rxc7 35. Rxc7 Nc4 36. Rxc4 dxc4 37. Qxc4 Bg5 38. Nf4 Rc8 39. Qxb4 Rc2 40. Rf2 Rc1+ 41. Rf1 Rc2 42. Qb7 Qe8 43. Qd5 Rc3 44. Qf5 Qg8 45. Qxe4 Rxb3 46. d5 Qb8 47. Rf3 Rb1+ 48. Kh2 Rb4 49. Qf5 Rxa4 50. Rf1 Rb4 51. Kh1 Rc4 52. Rb1 Qc7 53. Rd1 Qd6 54. g3 a5 55. Rb1 Rb4 56. Rc1 Rb8 57. Rc6 Qe5 58. Qxe5 fxe5 59. Ne6 h6 60. d6 Rb1+ 61. Kg2 Rd1 62. Kf3 a4 63. Ke4 a3 64. Ra6 a2 65. Rxa2 Rxd6 66. Nxg5 hxg5 67. Ra7 Rf6 68. g4 Rf2 69. Re7 Rf1 70. Rxe5 Kh7 71. Rxg5 Kh6 72. Rf5 Rg1 73. Kf3 Kg6 74. e4 Rf1+ 75. Kg2 Re1 76. Kf3 Rf1+ 77. Ke2 Rg1 78. Rf8 Kg7 79. Rf4 Kg6 80. Kf2 Ra1 81. Rf5 Ra2+ 82. Ke3 Ra3+ 83. Kf4 Ra1 84. Rg5+ Kf7 85. Rb5 Rf1+ 86. Ke5 Rg1 87. Rb7+ Kg6 88. Rb8 Kf7 89. Kf5 Rf1+ 90. Kg5 Re1 91. Rb7+ Ke6 92. Kg6 Rxe4 93. g5 Rg4 94. Kh5 Rg1 95. g6 Rh1+ 96. Kg5 Rg1+ 97. Kh6 Rh1+ 98. Kg7 Rg1 99. Rb2 Re1 100. Ra2 Ke7 101. Kg8 Rg1 102. g7 Re1 103. Rh2 Rg1 104. Kh8 Kf7 105. Rf2+ Ke7 106. g8Q 1-0

[Event "SRB-chT 1st League"]
[Site "Kragujevac"]
[Date "2015.09.09"]
[Round "7.4"]
[White "Ostojic, Nikola"]
[Black "Paunovic, Tomislav"]
[Result "1-0"]
[WhiteElo "2420"]
[BlackElo "2342"]
[PlyCount "49"]
[EventDate "2015.09.05"]
[EventType "team-tourn"]
[EventRounds "11"]
[EventCountry "SRB"]
[SourceTitle "EXT 2016"]
[Source "ChessBase"]
[SourceDate "2015.10.08"]
[SourceVersion "1"]
[SourceVersionDate "2015.10.08"]
[SourceQuality "1"]
[WhiteTeam "Valjevo 2005"]
[BlackTeam "Pirot Progres"]
[WhiteTeamCountry "SRB"]
[BlackTeamCountry "SRB"]

1. Nf3 d5 2. g3 Nc6 3. d4 Bf5 4. Bg2 Qd7 5. 0-0 0-0-0 6. c4 dxc4 7. Nc3 Nf6 8. Qa4 a6 9. Rd1 e6 10. a3 Nd5 11. Qxc4 f6 12. Qa2 g5 13. Ne1 h5 14. e4 Nxc3 15. bxc3 Bg6 16. Be3 h4 17. e5 Be7 18. exf6 Bxf6 19. Nd3 hxg3 20. hxg3 b6 21. Qe2 Be8 22. Ne5 Qd6 23. Qxa6+ Kb8 24. Nc4 Qd7 25. Na5 1-0

[Event "SRB-chT 1st League"]
[Site "Kragujevac"]
[Date "2015.09.07"]
[Round "4.2"]
[White "Paunovic, Tomislav"]
[Black "Djukic, Nebojsa"]
[Result "1-0"]
[WhiteElo "2342"]
[BlackElo "2174"]
[PlyCount "47"]
[EventDate "2015.09.05"]
[EventType "team-tourn"]
[EventRounds "11"]
[EventCountry "SRB"]
[SourceTitle "EXT 2016"]
[Source "ChessBase"]
[SourceDate "2015.10.08"]
[SourceVersion "1"]
[SourceVersionDate "2015.10.08"]
[SourceQuality "1"]
[WhiteTeam "Pirot Progres"]
[BlackTeam "Nis Svitanja"]
[WhiteTeamCountry "SRB"]
[BlackTeamCountry "SRB"]

1. d4 e6 2. c4 Nf6 3. Nc3 d5 4. Nf3 Be7 5. Bf4 a6 6. c5 Nbd7 7. e3 c6 8. Bd3 0-0 9. Qc2 Re8 10. 0-0 Nf8 11. Na4 N6d7 12. b4 g5 13. Bg3 Ng6 14. Ne5 Ndxe5 15. dxe5 Qc7 16. f4 Bf8 17. fxg5 Bg7 18. Rf6 Bxf6 19. gxf6 a5 20. Nb6 Bd7 21. Qe2 Kh8 22. Qh5 Rad8 23. Rf1 Rg8 24. Rf4 1-0

[Event "SRB-chT 1st League"]
[Site "Kragujevac"]
[Date "2015.09.06"]
[Round "3.6"]
[White "Nestorovic, Dejan"]
[Black "Paunovic, Tomislav"]
[Result "1/2-1/2"]
[WhiteElo "2402"]
[BlackElo "2342"]
[PlyCount "21"]
[EventDate "2015.09.05"]
[EventType "team-tourn"]
[EventRounds "11"]
[EventCountry "SRB"]
[SourceTitle "EXT 2016"]
[Source "ChessBase"]
[SourceDate "2015.10.08"]
[SourceVersion "1"]
[SourceVersionDate "2015.10.08"]
[SourceQuality "1"]
[WhiteTeam "Petrovac Sloga"]
[BlackTeam "Pirot Progres"]
[WhiteTeamCountry "SRB"]
[BlackTeamCountry "SRB"]

1. d4 Nf6 2. c4 e6 3. Nf3 d5 4. Nc3 Be7 5. Bg5 h6 6. Bxf6 Bxf6 7. e3 0-0 8. Rc1 c6 9. Bd3 Nd7 10. 0-0 dxc4 11. Bxc4 1/2-1/2

[Event "SRB-chT Central"]
[Site "Kraljevo"]
[Date "2014.09.14"]
[Round "2.1"]
[White "Djokic, Nebojsa"]
[Black "Paunovic, Tomislav"]
[Result "0-1"]
[WhiteElo "2180"]
[BlackElo "2341"]
[PlyCount "76"]
[EventDate "2014.09.13"]
[EventType "team-tourn"]
[EventRounds "11"]
[EventCountry "SRB"]
[SourceTitle "CBM 162 Extra"]
[Source "ChessBase"]
[SourceDate "2014.10.17"]
[SourceVersion "1"]
[SourceVersionDate "2014.10.17"]
[SourceQuality "1"]
[WhiteTeam "Veliko Gradiste"]
[BlackTeam "Pirot"]
[WhiteTeamCountry "SRB"]
[BlackTeamCountry "SRB"]

1. e4 g6 2. Nc3 Bg7 3. d4 c6 4. Be3 d5 5. Qd2 dxe4 6. Nxe4 Nd7 7. Nf3 Ngf6 8. Ng3 h5 9. Bd3 h4 10. Ne2 h3 11. gxh3 Nb6 12. Ne5 Nbd5 13. Bg5 Bxh3 14. c4 Nc7 15. 0-0-0 Ne6 16. Be3 Ng4 17. Nxg6 fxg6 18. Bxg6+ Kf8 19. Qd3 Qa5 20. Kb1 Rd8 21. Rhg1 Ne5 22. Bd2 Qb6 23. Qg3 Nxc4 24. Qf3+ Bf6 25. Bc3 Rd5 26. Rg3 Ng5 27. Qf4 Qd8 28. Rdg1 Qd6 29. Qc1 Bf5+ 30. Bxf5 Rxf5 31. Rxg5 Rxg5 32. Rxg5 Bxg5 33. Qxg5 Qf6 34. Qc5 Nd6 35. d5 Qf5+ 36. Kc1 Rxh2 37. Qxa7 Rh1+ 38. Kd2 Nc4# 0-1

[Event "SRB-chT Central"]
[Site "Kragujevac"]
[Date "2013.09.21"]
[Round "10.3"]
[White "Nestorovic, Dejan"]
[Black "Paunovic, Tomislav"]
[Result "1/2-1/2"]
[WhiteElo "2437"]
[BlackElo "2327"]
[PlyCount "46"]
[EventDate "2013.09.14"]
[EventType "team-tourn"]
[EventRounds "11"]
[EventCountry "SRB"]
[SourceTitle "CBM 156 Extra"]
[Source "ChessBase"]
[SourceDate "2013.10.22"]
[SourceVersion "1"]
[SourceVersionDate "2013.10.22"]
[SourceQuality "1"]
[WhiteTeam "Petrovac Sloga"]
[BlackTeam "Pirot Progres"]
[WhiteTeamCountry "SRB"]
[BlackTeamCountry "SRB"]

1. d4 g6 2. c4 Bg7 3. Nf3 d6 4. Nc3 e5 5. Bg5 f6 6. Be3 Nc6 7. dxe5 fxe5 8. Bg5 Nf6 9. e3 Be6 10. Be2 Qd7 11. Bxf6 Bxf6 12. 0-0 0-0 13. Nd2 Bg7 14. Nde4 h6 15. Rc1 a6 16. Qd2 Kh8 17. Nd5 Rad8 18. Nec3 Ne7 19. Nxe7 Qxe7 20. b3 c6 21. Bd3 g5 22. Qe2 Qf7 23. Ne4 Bc8 1/2-1/2

[Event "SRB-chT Central"]
[Site "Kragujevac"]
[Date "2013.09.15"]
[Round "2.6"]
[White "Jesic, Dusan"]
[Black "Paunovic, Tomislav"]
[Result "0-1"]
[WhiteElo "2357"]
[BlackElo "2327"]
[PlyCount "82"]
[EventDate "2013.09.14"]
[EventType "team-tourn"]
[EventRounds "11"]
[EventCountry "SRB"]
[SourceTitle "CBM 156 Extra"]
[Source "ChessBase"]
[SourceDate "2013.10.22"]
[SourceVersion "1"]
[SourceVersionDate "2013.10.22"]
[SourceQuality "1"]
[WhiteTeam "Sabac"]
[BlackTeam "Pirot Progres"]
[WhiteTeamCountry "SRB"]
[BlackTeamCountry "SRB"]

1. d4 g6 2. g3 Bg7 3. Bg2 c5 4. dxc5 Na6 5. e4 Nxc5 6. Ne2 b6 7. 0-0 Bb7 8. Nbc3 d6 9. Re1 Nf6 10. Nf4 0-0 11. Ncd5 Nfd7 12. a4 Ne5 13. Ra2 Rc8 14. b3 e6 15. Nb4 Qc7 16. c4 Rfd8 17. Rd2 Qb8 18. Na2 Qa8 19. f3 Qb8 20. Bb2 a6 21. Bd4 Bc6 22. Nc1 Qc7 23. Qc2 Be8 24. Red1 Qe7 25. Qb2 f5 26. exf5 gxf5 27. Nfe2 Nxa4 28. bxa4 Nxc4 29. Qb3 Nxd2 30. Rxd2 Bxd4+ 31. Rxd4 Bf7 32. Qxb6 e5 33. Rd1 d5 34. f4 d4 35. fxe5 Qxe5 36. Qb2 Qe3+ 37. Kh1 d3 38. Ng1 d2 39. Nce2 Bb3 40. Rxd2 Rxd2 41. Qf6 Rxe2 0-1

[Event "SRB-chT"]
[Site "Vrnjacka Banja"]
[Date "2012.10.04"]
[Round "8.4"]
[White "Tadic, Branko"]
[Black "Paunovic, Tomislav"]
[Result "1-0"]
[WhiteElo "2525"]
[BlackElo "2333"]
[PlyCount "93"]
[EventDate "2012.09.29"]
[EventType "team-tourn"]
[EventRounds "11"]
[EventCountry "SRB"]
[SourceTitle "CBM 150 Extra"]
[Source "ChessBase"]
[SourceDate "2012.10.19"]
[SourceVersion "1"]
[SourceVersionDate "2012.10.19"]
[SourceQuality "1"]
[WhiteTeam "Goracici Jelica"]
[BlackTeam "Pirot"]
[WhiteTeamCountry "SRB"]
[BlackTeamCountry "SRB"]

1. c4 Nf6 2. Nc3 e5 3. g3 d5 4. cxd5 Nxd5 5. Bg2 Nb6 6. e3 Be7 7. Nge2 0-0 8. 0-0 Nc6 9. f4 f6 10. f5 Nb4 11. d4 c6 12. g4 Kh8 13. a3 N4d5 14. Ne4 exd4 15. exd4 Nc4 16. Rf3 Nd6 17. Rh3 Re8 18. Nc5 Bf8 19. Bxd5 cxd5 20. Nf4 Ne4 21. Ng6+ Kg8 22. Nxf8 Rxf8 23. Nxe4 dxe4 24. Qb3+ Rf7 25. Be3 Qb6 26. Qa2 h6 27. Rf1 Bd7 28. d5 Qa6 29. Bf4 Bb5 30. Rc1 Kh7 31. d6 Be8 32. b4 Rd7 33. Qd2 Qb6+ 34. Rc5 Kg8 35. Re3 Bf7 36. Rxe4 a5 37. Qe3 Qd8 38. b5 Rxd6 39. Bxd6 Qxd6 40. Qd4 Qf8 41. Rc7 Qxa3 42. Ree7 Rf8 43. Re3 Qa2 44. Qd3 Bd5 45. Rc2 Qb1+ 46. Kf2 Qh1 47. Kg3 1-0

[Event "SRB-chT"]
[Site "Vrnjacka Banja"]
[Date "2012.10.01"]
[Round "4.2"]
[White "Bozovic, Nikola"]
[Black "Paunovic, Tomislav"]
[Result "1/2-1/2"]
[WhiteElo "2252"]
[BlackElo "2333"]
[PlyCount "117"]
[EventDate "2012.09.29"]
[EventType "team-tourn"]
[EventRounds "11"]
[EventCountry "SRB"]
[SourceTitle "CBM 150 Extra"]
[Source "ChessBase"]
[SourceDate "2012.10.19"]
[SourceVersion "1"]
[SourceVersionDate "2012.10.19"]
[SourceQuality "1"]
[WhiteTeam "Sabac"]
[BlackTeam "Pirot"]
[WhiteTeamCountry "SRB"]
[BlackTeamCountry "SRB"]

1. d4 g6 2. c4 Bg7 3. e4 d6 4. Nc3 f5 5. h4 Nf6 6. h5 Nxe4 7. hxg6 hxg6 8. Rxh8+ Bxh8 9. Nf3 Nc6 10. d5 Nxc3 11. bxc3 Ne5 12. Ng5 c6 13. Be2 Qa5 14. Kf1 Bd7 15. Rb1 0-0-0 16. Qb3 b6 17. c5 dxc5 18. Bf4 c4 19. Bxc4 cxd5 20. Be2 Nc6 21. Nf7 e5 22. Nxd8 Nxd8 23. Bg5 Ne6 24. Be7 Nf4 25. Bb4 Qa4 26. Qxa4 Bxa4 27. Bd6 Kb7 28. g3 Ne6 29. Rb4 Be8 30. Rh4 Bg7 31. Rh7 Kc6 32. Bb8 e4 33. Ba6 Bf7 34. c4 Bg8 35. cxd5+ Kxd5 36. Rh1 Nc5 37. Bb5 a6 38. Be8 Ke6 39. Bxg6 Kf6 40. Be8 Bxa2 41. Ba7 Bc4+ 42. Kg2 e3 43. Bxb6 exf2 44. Kxf2 Ne4+ 45. Kf3 Bd5 46. Kf4 Ke6 47. Ba7 Nf6 48. Re1+ Be4 49. g4 Bh6+ 50. g5 Nd5+ 51. Kg3 Bxg5 52. Bb8 Bd2 53. Ra1 a5 54. Bc6 f4+ 55. Kh3 f3 56. Bxd5+ Bxd5 57. Bc7 f2 58. Rf1 Be3 59. Kg3 1/2-1/2

[Event "SRB-chT"]
[Site "Vrnjacka Banja"]
[Date "2012.09.30"]
[Round "2.1"]
[White "Todorovic, Goran N"]
[Black "Paunovic, Tomislav"]
[Result "1/2-1/2"]
[WhiteElo "2388"]
[BlackElo "2333"]
[PlyCount "20"]
[EventDate "2012.09.29"]
[EventType "team-tourn"]
[EventRounds "11"]
[EventCountry "SRB"]
[SourceTitle "CBM 150 Extra"]
[Source "ChessBase"]
[SourceDate "2012.10.19"]
[SourceVersion "1"]
[SourceVersionDate "2012.10.19"]
[SourceQuality "1"]
[WhiteTeam "Smederevska Palanka"]
[BlackTeam "Pirot"]
[WhiteTeamCountry "SRB"]
[BlackTeamCountry "SRB"]

1. Nf3 d5 2. c4 dxc4 3. Na3 a6 4. Nxc4 b5 5. Ne3 Bb7 6. g3 c5 7. Bg2 e6 8. 0-0 Nf6 9. b3 Be7 10. Bb2 0-0 1/2-1/2

[Event "SRB-chT2 East CS"]
[Site "Serbia"]
[Date "2011.09.11"]
[Round "1.4"]
[White "Petkovic, Dragoslav"]
[Black "Paunovic, Tomislav"]
[Result "1/2-1/2"]
[WhiteElo "2194"]
[BlackElo "2349"]
[PlyCount "23"]
[EventDate "2011.09.11"]
[EventType "team"]
[EventRounds "11"]
[EventCountry "SRB"]
[SourceTitle "EXT 2015"]
[Source "ChessBase"]
[SourceDate "2014.11.20"]
[SourceVersion "1"]
[SourceVersionDate "2014.11.20"]
[SourceQuality "1"]

1. e4 c5 2. Nf3 d6 3. d3 Nc6 4. g3 g6 5. Bg2 Bg7 6. 0-0 Nf6 7. Re1 0-0 8. c3 e5 9. Nbd2 h6 10. a3 Be6 11. b4 a6 12. Bb2 1/2-1/2

[Event "SRB-chT2 East"]
[Site "Serbia"]
[Date "2010.10.10"]
[Round "5"]
[White "Milovanovic, Srboljub"]
[Black "Paunovic, Tomislav"]
[Result "1/2-1/2"]
[WhiteElo "2162"]
[BlackElo "2350"]
[PlyCount "92"]
[EventDate "2010.09.11"]
[EventType "team"]
[EventRounds "11"]
[EventCountry "SRB"]
[SourceTitle "EXT 2012"]
[Source "ChessBase"]
[SourceDate "2011.11.24"]
[SourceVersion "1"]
[SourceVersionDate "2011.11.24"]
[SourceQuality "1"]

1. d4 g6 2. c4 Bg7 3. e4 d6 4. Nc3 e5 5. Nge2 Nc6 6. d5 Nce7 7. Ng3 f5 8. exf5 Nxf5 9. Nxf5 Bxf5 10. Be3 Nf6 11. f3 0-0 12. Qd2 c5 13. dxc6 bxc6 14. Rd1 Qb8 15. Be2 Rd8 16. Bg5 Qb6 17. b3 Rd7 18. Na4 Qc7 19. 0-0 Re8 20. Bd3 e4 21. Bxf6 exd3 22. Bxg7 Re2 23. Qf4 Kxg7 24. g4 Be6 25. Rxd3 Rxa2 26. Rfd1 d5 27. Qxc7 Rxc7 28. cxd5 cxd5 29. Rc3 Rxc3 30. Nxc3 Rb2 31. Nxd5 Rxb3 32. Nf4 Bf7 33. Kf2 a5 34. Rd7 a4 35. g5 Kf8 36. Ra7 a3 37. Ra8+ Kg7 38. Ra7 Kf8 39. Ra8+ Be8 40. Nd5 Kf7 41. Ra7+ Ke6 42. Nc7+ Kf7 43. Nxe8+ Kxe8 44. Kg3 Kf8 45. h4 Kg8 46. Kg4 Rc3 1/2-1/2

[Event "SRB-chT 1st League"]
[Site "Vrnjacka Banja"]
[Date "2009.09.26"]
[Round "11"]
[White "Paunovic, Tomislav"]
[Black "Ristic, Nebojsa M"]
[Result "0-1"]
[WhiteElo "2355"]
[BlackElo "2377"]
[PlyCount "98"]
[EventDate "2009.09.19"]
[EventType "team-swiss"]
[EventRounds "11"]
[EventCountry "YUG"]
[SourceTitle "CBM 132 Extra"]
[Source "ChessBase"]
[SourceDate "2009.11.03"]
[SourceVersion "1"]
[SourceVersionDate "2009.11.03"]
[SourceQuality "1"]

1. d4 Nf6 2. c4 c5 3. e3 g6 4. Nc3 Bg7 5. Nf3 0-0 6. Be2 b6 7. 0-0 d6 8. h3 Bb7 9. d5 e5 10. Nd2 Nbd7 11. a4 a6 12. Nb3 a5 13. f4 Qe7 14. Qc2 Rae8 15. Bd2 exf4 16. exf4 Nxd5 17. Nxd5 Bxd5 18. Bd3 Bc6 19. f5 Qe5 20. Ra2 Qe7 21. Bf4 Ne5 22. Be2 Bd7 23. g4 gxf5 24. gxf5 Qf6 25. Bg3 Nc6 26. Qd1 Re3 27. Bf3 Nb4 28. Ra1 Qg5 29. Kh2 Bxf5 30. Qd2 Rfe8 31. Rae1 Bg6 32. Qxd6 Be5 33. Bxe5 R8xe5 34. Rxe3 Rxe3 35. Nd2 Rd3 36. Ne4 Rxd6 37. Nxg5 Rd4 38. Bg4 Rxc4 39. Re1 h6 40. Nf3 Rc2+ 41. Kg3 Rxb2 42. Re8+ Kg7 43. Ne5 Rb3+ 44. Kh2 Re3 45. Bd7 Nd5 46. Bc6 Nf6 47. Re7 Bh5 48. Bb5 Nd5 49. Re8 f6 0-1

[Event "SRB-chT 1st League"]
[Site "Vrnjacka Banja"]
[Date "2009.09.21"]
[Round "4"]
[White "Paunovic, Tomislav"]
[Black "Pancevski, Filip"]
[Result "1-0"]
[WhiteElo "2355"]
[BlackElo "2432"]
[PlyCount "71"]
[EventDate "2009.09.19"]
[EventType "team-swiss"]
[EventRounds "11"]
[EventCountry "YUG"]
[SourceTitle "CBM 132 Extra"]
[Source "ChessBase"]
[SourceDate "2009.11.03"]
[SourceVersion "1"]
[SourceVersionDate "2009.11.03"]
[SourceQuality "1"]

1. d4 g6 2. c4 Bg7 3. Nc3 d6 4. e4 Nd7 5. Be3 e5 6. d5 Ne7 7. Bd3 0-0 8. Nge2 f5 9. f3 c5 10. dxc6 Nxc6 11. Qd2 Nc5 12. 0-0-0 Ne6 13. Bc2 f4 14. Bf2 Qg5 15. Rhg1 Rd8 16. Kb1 Qf6 17. Nb5 Bf8 18. Nec3 Qf7 19. Nd5 b6 20. a3 Bb7 21. Bb3 Kh8 22. Ba2 Qd7 23. Bh4 g5 24. Bf2 Rac8 25. h4 Qg7 26. hxg5 Qxg5 27. Rh1 Qg6 28. Rh4 Bg7 29. Rdh1 h6 30. Rg4 Qh7 31. Bh4 Rf8 32. Nxd6 Ba6 33. c5 Nxc5 34. Ne7 Nxe7 35. Bxe7 Nxe4 36. fxe4 1-0

[Event "SRB-chT 1st League"]
[Site "Vrnjacka Banja"]
[Date "2009.09.19"]
[Round "1"]
[White "Vojinovic, Goran"]
[Black "Paunovic, Tomislav"]
[Result "1/2-1/2"]
[WhiteElo "2458"]
[BlackElo "2355"]
[PlyCount "49"]
[EventDate "2009.09.19"]
[EventType "team-swiss"]
[EventRounds "11"]
[EventCountry "YUG"]
[SourceTitle "CBM 132 Extra"]
[Source "ChessBase"]
[SourceDate "2009.11.03"]
[SourceVersion "1"]
[SourceVersionDate "2009.11.03"]
[SourceQuality "1"]

1. d4 d5 2. Nf3 c6 3. e3 Nf6 4. c4 Bg4 5. h3 Bxf3 6. Qxf3 e6 7. Nd2 Nbd7 8. Bd3 Bd6 9. 0-0 0-0 10. Rd1 e5 11. cxd5 cxd5 12. e4 exd4 13. exd5 Ne5 14. Qe2 Re8 15. Bb5 Nc6 16. Qf1 Nxd5 17. Nf3 Qf6 18. Bg5 Qf5 19. Qd3 Qxd3 20. Rxd3 Ndb4 21. Rdd1 a6 22. Ba4 b5 23. Bb3 Na5 24. Nxd4 Be5 25. Rac1 1/2-1/2